| 000 | 00687nam a22001577a 4500 | ||
|---|---|---|---|
| 003 | OSt | ||
| 005 | 20150920145034.0 | ||
| 008 | 150920b xxu||||| |||| 00| 0 eng d | ||
| 040 | _cRUA | ||
| 082 | _aAGR HOU 2006 BO33 Or.1 | ||
| 100 |
_9945 _aHOUT, VANTHO |
||
| 245 | _aSTUDY ON EFFECT OF ORGANICT FERTILIZERS ON LETTUCE AT ROYAL UNIVERSITY OF AGICULTURE,(សិក្សាពៅឥទ្ធពលជីធម្មជាតិផ្សេងៗគ្ន លើដំណាំសាលាដនៅក្នុងសាកលវិទ្យាល័យភូមិន្ធកសិកម្ម). | ||
| 260 |
_aPHNOM PHEN _bRUA _c2006 |
||
| 300 |
_aXIII,51P. _bILL. _c29CM. |
||
| 942 |
_2ddc _cAGR |
||
| 999 |
_c910 _d910 |
||